000 00493nam a2200193Ia 4500
003 OSt
005 20250822111728.0
008 210210b1986 xxu||||| |||| 00| 0 eng d
040 _cAL
041 _aKannada
082 _aK894.3 GIRG
100 _aGIRI.
_dಗಿರಿ
_9236954
245 _aGati sthiti.
_bಗತಿ ಸ್ಥಿತಿ
260 _aSagara
_bAkshara Prakashana
_c1986
300 _avi,398,ii
690 _aKannada Fiction
_9236955
906 _aSG00082
942 _2ddc
_cSG
999 _c111676
_d111676